000 00402nam a2200169Ia 4500
008 230524s9999 xx 000 0 und d
020 _a9788131725382
082 _a658.3
_bSHA
100 _aParesh P.Shah
245 0 _aFinancial Management
250 _aIST
260 _aNEW DELHI
_bbiztantra
_c2008
300 _aXXVI;485
500 _aQuantity Number: 5
650 _aManagement
942 _cBK
999 _c41225
_d41225